Bayern München Gehälter - Statistiken

Allgemein
  • Dieses Quiz wurde 177 mal gespielt
  • Das Durchschnittsergebnis liegt bei 9 aus 20
Antwortstatistiken
Grundgehalt Bonus Antwort % Korrekt
25.000.000 - Kane
100%
21.000.000 - Neuer
94%
20.000.000 - Kimmich
82%
18.870.000 6.600.000 Musiala
70%
18.870.000 - Gnabry
61%
15.000.000 5.000.000 Sané
50%
17.000.000 - Coman
48%
15.000.000 5.000.000 Davies
44%
12.000.000 - Kim
42%
15.000.000 2.000.000 Müller
41%
13.500.000 - Olise
41%
13.000.000 4.000.000 Goretzka
39%
10.000.000 - Upamecano
36%
9.000.000 - Laimer
28%
8.000.000 - Guerreiro
24%
10.000.000 2.000.000 Palhinha
24%
5.000.000 - Dier
21%
6.600.000 - Stanisic
19%
3.780.000 - Ito
16%
6.500.000 - Nübel
2%
Keine übereinstimmenden Quizze gefunden
Verteilung der Resultate
Anzahl Personen mit jedem Resultat
Perzentil nach korrekt beantworteten Fragen
Ihre Resultats-Entwicklung
Sie haben dieses Quiz noch nicht gespielt